[Event "Tradewise Gibraltar Masters 14th"]
[Site "Gibraltar"]
[Date "2016.02.03"]
[Round "9.15"]
[White "Kosteniuk, Alexandra"]
[Black "Sutovsky, Emil"]
[Result "0-1"]
[WhiteElo "2550"]
[BlackElo "2647"]
[PlyCount "108"]
[EventDate "2016.01.26"]
[EventType "swiss"]
[EventRounds "10"]
[EventCountry "GGB"]
[Source "www.saund.co.uk"]
[SourceDate "2005.02.07"]

1. e4 e6 2. d4 d5 3. Nc3 Nf6 4. Bg5 dxe4 5. Nxe4 Be7 6. Bxf6 gxf6 7. Nf3 f5 8.
Ng3 h5 9. h4 c5 10. Bb5+ Kf8 11. c3 cxd4 12. Qxd4 Qxd4 13. Nxd4 f4 14. Nge2 e5
15. Nf3 f6 16. Bc4 Nd7 17. Nd2 Nb6 18. Bb3 Bf5 19. g3 f3 20. Nxf3 Be4 21. Neg1
Rd8 22. Rh2 Nd7 23. O-O-O Nc5 24. Rxd8+ Bxd8 25. Bc2 Bd5 26. Nd2 b5 27. b4 Nd7
28. a4 bxa4 29. Bxa4 Rh7 30. Bc2 Rg7 31. Ne2 a5 32. f4 Bb6 33. c4 Ba8 34. fxe5
Be3 35. Nf4 Rxg3 36. Ng6+ Kf7 37. Nh8+ Kg7 38. e6 Ne5 39. b5 Rg1+ 40. Kb2 Kxh8
41. Be4 Nxc4+ 42. Nxc4 Bd4+ 43. Kb3 Bxe4 44. Re2 Rg3+ 45. Ka4 Rc3 46. Rxe4
Rxc4+ 47. Kb3 Rb4+ 48. Kc2 Bc5 49. Kd3 Kg7 50. Re2 Kf8 51. Rc2 Rxb5 52. Kc4 Rb8
53. Kd5 Be7 54. Kc6 a4 0-1

[Event "Tradewise Gibraltar Masters 14th"]
[Site "Gibraltar"]
[Date "2016.02.03"]
[Round "9.16"]
[White "Vidit, Santosh Gujrathi"]
[Black "Pichot, Alan"]
[Result "1-0"]
[WhiteElo "2642"]
[BlackElo "2517"]
[PlyCount "71"]
[EventDate "2016.01.26"]
[EventType "swiss"]
[EventRounds "10"]
[EventCountry "GGB"]
[Source "www.saund.co.uk"]
[SourceDate "2005.02.07"]

1. d4 Nf6 2. c4 g6 3. g3 Bg7 4. Bg2 O-O 5. Nf3 d6 6. O-O Nc6 7. Nc3 Bf5 8. b3
e5 9. d5 Ne7 10. Ne1 Ne8 11. e4 Bd7 12. Bb2 f5 13. exf5 gxf5 14. Nd3 Ng6 15. f4
e4 16. Nf2 c5 17. dxc6 bxc6 18. Qd2 Qa5 19. Nfd1 Qb6+ 20. Ne3 Be6 21. Kh1 Rd8
22. Rad1 Nf6 23. g4 Nxg4 24. Nxg4 fxg4 25. Nxe4 Bxc4 26. Rfe1 Bd5 27. Bxg7 Kxg7
28. Qc3+ Kh6 29. Nf6 Bxg2+ 30. Kxg2 Nxf4+ 31. Kh1 Qb7 32. Nxg4+ Kg5 33. Qf3 Nh5
34. h4+ Kxh4 35. Nf6 Rxf6 36. Re4+ 1-0

[Event "Tradewise Gibraltar Masters 14th"]
[Site "Gibraltar"]
[Date "2016.02.03"]
[Round "9.17"]
[White "Salem, AR Saleh"]
[Black "Libiszewski, Fabien"]
[Result "1/2-1/2"]
[WhiteElo "2627"]
[BlackElo "2515"]
[PlyCount "79"]
[EventDate "2016.01.26"]
[EventType "swiss"]
[EventRounds "10"]
[EventCountry "GGB"]
[Source "www.saund.co.uk"]
[SourceDate "2005.02.07"]

1. e4 e6 2. d4 d5 3. Nc3 Nf6 4. e5 Nfd7 5. f4 c5 6. Nf3 b6 7. Be3 Be7 8. Qd2
O-O 9. Nd1 Nc6 10. c3 f5 11. Rc1 Ndb8 12. Nf2 a5 13. Nd3 c4 14. Nf2 b5 15. g4
b4 16. gxf5 exf5 17. Nh3 bxc3 18. bxc3 Na6 19. Rg1 Nc7 20. Qg2 Ne6 21. Nd2 Bh4+
22. Nf2 Ne7 23. Nf3 Ng6 24. Nxh4 Nxh4 25. Qg3 Rb8 26. Be2 Rb2 27. Ra1 Bd7 28.
Bd1 Ng6 29. a4 Bc6 30. Bh5 Be8 31. Bf3 Nh4 32. Bd1 Ng6 33. Bf3 Nh4 34. Bd1 Ng6
35. Kf1 Rf7 36. Bc1 Qb6 37. Kg2 Rb1 38. Rxb1 Qxb1 39. Bf3 Qb7 40. h4 1/2-1/2

[Event "Tradewise Gibraltar Masters 14th"]
[Site "Gibraltar"]
[Date "2016.02.03"]
[Round "9.18"]
[White "Jones, Gawain C B"]
[Black "Shytaj, Luca"]
[Result "1-0"]
[WhiteElo "2625"]
[BlackElo "2443"]
[PlyCount "69"]
[EventDate "2016.01.26"]
[EventType "swiss"]
[EventRounds "10"]
[EventCountry "GGB"]
[Source "www.saund.co.uk"]
[SourceDate "2005.02.07"]

1. c4 b6 2. Nc3 Bb7 3. e4 e6 4. Nf3 Bb4 5. Bd3 Ne7 6. O-O O-O 7. Bc2 f5 8. exf5
Nxf5 9. d4 Bxf3 10. Qxf3 Nc6 11. Bxf5 Rxf5 12. Qe4 Qf6 13. Ne2 Rf8 14. Be3 d5
15. cxd5 exd5 16. Qg4 h5 17. Qh3 Bd6 18. Rac1 Nd8 19. Ng3 Bxg3 20. hxg3 Ne6 21.
Qh4 Qf7 22. Rc6 Qd7 23. Rfc1 R8f6 24. f3 Qf7 25. Qh3 Qe8 26. R1c3 Qg6 27. b4 a6
28. a4 Qe8 29. a5 bxa5 30. bxa5 Qc8 31. Kh2 g5 32. Qxh5 Ng7 33. Qg4 Rxc6 34.
Rxc6 Qe8 35. Rxc7 1-0

[Event "Tradewise Gibraltar Masters 14th"]
[Site "Gibraltar"]
[Date "2016.02.03"]
[Round "9.19"]
[White "Gledura, Benjamin"]
[Black "Edouard, Romain"]
[Result "1/2-1/2"]
[WhiteElo "2515"]
[BlackElo "2617"]
[PlyCount "60"]
[EventDate "2016.01.26"]
[EventType "swiss"]
[EventRounds "10"]
[EventCountry "GGB"]
[Source "www.saund.co.uk"]
[SourceDate "2005.02.07"]

1. d4 d5 2. c4 dxc4 3. e4 b5 4. a4 c6 5. axb5 cxb5 6. Nc3 a6 7. Nxb5 axb5 8.
Rxa8 Bb7 9. Ra1 e6 10. Be2 Nf6 11. Nf3 Bb4+ 12. Bd2 Bxd2+ 13. Qxd2 Nxe4 14. Qe3
Bd5 15. b3 cxb3 16. Bxb5+ Nd7 17. O-O O-O 18. Ba4 b2 19. Rab1 Nb6 20. Bb3 Nd6
21. Bxd5 exd5 22. Rxb2 Nbc4 23. Qb3 Nxb2 24. Qxb2 Ne4 25. h3 Qb8 26. Qxb8 Rxb8
27. Ra1 f6 28. Ra5 Rb1+ 29. Kh2 Rb2 30. Rxd5 Rxf2 1/2-1/2

[Event "Tradewise Gibraltar Masters 14th"]
[Site "Gibraltar"]
[Date "2016.02.03"]
[Round "9.20"]
[White "Bachmann, Axel"]
[Black "Krush, Irina"]
[Result "1-0"]
[WhiteElo "2610"]
[BlackElo "2458"]
[PlyCount "73"]
[EventDate "2016.01.26"]
[EventType "swiss"]
[EventRounds "10"]
[EventCountry "GGB"]
[Source "www.saund.co.uk"]
[SourceDate "2005.02.07"]

1. c4 e5 2. Nc3 Nc6 3. g3 g6 4. Bg2 Bg7 5. d3 d6 6. Rb1 Nf6 7. b4 O-O 8. e3 Ne7
9. e4 c6 10. Nge2 d5 11. exd5 cxd5 12. O-O Be6 13. d4 dxc4 14. dxe5 Nfd5 15.
Bg5 Nxc3 16. Nxc3 Qxd1 17. Rfxd1 Nc6 18. f4 h6 19. Bf6 Bxf6 20. exf6 Bf5 21. b5
Na5 22. Rbc1 Rad8 23. Nd5 Bd3 24. Re1 Rd6 25. g4 Rfd8 26. Re5 Nb3 27. Rce1 Nd4
28. Re8+ Rxe8 29. Rxe8+ Kh7 30. Kf2 Nxb5 31. a4 Nd4 32. Rf8 Rd7 33. Ne7 c3 34.
Rxf7+ Kh8 35. f5 Ne6 36. Nxg6+ Kg8 37. Rxd7 1-0

[Event "Tradewise Gibraltar Masters 14th"]
[Site "Gibraltar"]
[Date "2016.02.03"]
[Round "9.21"]
[White "Fressinet, Laurent"]
[Black "Wemmers, Xander"]
[Result "1-0"]
[WhiteElo "2700"]
[BlackElo "2352"]
[PlyCount "87"]
[EventDate "2016.01.26"]
[EventType "swiss"]
[EventRounds "10"]
[EventCountry "GGB"]
[Source "www.saund.co.uk"]
[SourceDate "2005.02.07"]

1. e4 e5 2. Nf3 Nc6 3. Bb5 a6 4. Ba4 Nf6 5. O-O Be7 6. d3 b5 7. Bb3 d6 8. a3
Be6 9. Nc3 Nd4 10. Nxd4 exd4 11. Ne2 c5 12. Bg5 Nd7 13. Bd2 O-O 14. Bxe6 fxe6
15. Nf4 Rf6 16. Nh5 Rf7 17. f4 Nf6 18. Ng3 Qd7 19. Qe2 Re8 20. Rae1 Bf8 21. Rf3
Qc8 22. e5 Nd5 23. Ne4 dxe5 24. fxe5 Rf5 25. Ng3 Rxf3 26. Qxf3 c4 27. Rf1 c3
28. Bc1 cxb2 29. Qf7+ Kh8 30. Bxb2 Ne3 31. Rf3 h6 32. Bxd4 Nxc2 33. Bf2 b4 34.
Ne4 Nxa3 35. h3 Rd8 36. Nf6 Bc5 37. Qg6 Bxf2+ 38. Rxf2 gxf6 39. Qxh6+ Kg8 40.
Qg6+ Kh8 41. Qxf6+ Kh7 42. Qf7+ Kh8 43. Qh5+ Kg8 44. Rf7 1-0

[Event "Tradewise Gibraltar Masters 14th"]
[Site "Gibraltar"]
[Date "2016.02.03"]
[Round "9.22"]
[White "Ly, Moulthun"]
[Black "Naiditsch, Arkadij"]
[Result "1-0"]
[WhiteElo "2474"]
[BlackElo "2696"]
[PlyCount "81"]
[EventDate "2016.01.26"]
[EventType "swiss"]
[EventRounds "10"]
[EventCountry "GGB"]
[Source "www.saund.co.uk"]
[SourceDate "2005.02.07"]

1. e4 e6 2. d4 d5 3. Nd2 Be7 4. e5 c5 5. Qg4 Kf8 6. Ndf3 Nc6 7. Bd3 cxd4 8. Ne2
Bc5 9. O-O Nge7 10. a3 Ng6 11. Qg3 Bb6 12. Bxg6 hxg6 13. Rd1 Bd7 14. Nexd4 Nxd4
15. Nxd4 Qh4 16. c3 Qxg3 17. hxg3 f6 18. Re1 Kf7 19. f4 Rh5 20. Be3 fxe5 21.
Nf3 e4 22. Ne5+ Rxe5 23. fxe5 Bxe3+ 24. Rxe3 Bb5 25. g4 Ke7 26. Kf2 Rf8+ 27.
Kg3 Kd7 28. Rh1 Kc6 29. Rh7 Rf7 30. Rh8 Kc5 31. b3 Bc6 32. Rd8 a5 33. Rd6 a4
34. bxa4 Kc4 35. a5 Rc7 36. Rxe6 Kb3 37. Rd6 Kc2 38. Kf4 Rf7+ 39. Kg5 Rf2 40.
e6 Rf6 41. a6 1-0

[Event "Tradewise Gibraltar Masters 14th"]
[Site "Gibraltar"]
[Date "2016.02.03"]
[Round "9.23"]
[White "Howell, David"]
[Black "Carlstedt, Jonathan"]
[Result "1-0"]
[WhiteElo "2685"]
[BlackElo "2461"]
[PlyCount "131"]
[EventDate "2016.01.26"]
[EventType "swiss"]
[EventRounds "10"]
[EventCountry "GGB"]
[Source "www.saund.co.uk"]
[SourceDate "2005.02.07"]

1. e4 e5 2. Nf3 Nc6 3. Bb5 a6 4. Ba4 Nf6 5. O-O Bc5 6. c3 b5 7. Bb3 d6 8. a4
Bg4 9. axb5 axb5 10. Rxa8 Qxa8 11. h3 Bxf3 12. Qxf3 Nd8 13. d3 Ne6 14. Nd2 Nf4
15. h4 h5 16. g3 Ng6 17. Qe2 Qc8 18. Nf3 O-O 19. Ng5 Qg4 20. Qxg4 Nxg4 21. Kg2
Nh8 22. f4 Be3 23. Re1 exf4 24. gxf4 Bf2 25. Rh1 Ng6 26. Nf3 Bb6 27. d4 c5 28.
f5 Ne7 29. Bg5 Nc6 30. Bd5 Na5 31. Re1 cxd4 32. Nxd4 Rb8 33. b3 b4 34. cxb4
Bxd4 35. bxa5 Bc3 36. Rc1 Bxa5 37. Rc6 Bd8 38. Bf4 Be7 39. Rc7 Kf8 40. Kf3 Ne5+
41. Ke2 Bd8 42. Ra7 Bb6 43. Ra2 Bc5 44. Rc2 f6 45. Rc3 Rb5 46. Bxe5 dxe5 47.
Kd3 Ke7 48. Rc2 Ra5 49. Rg2 Kf8 50. Rc2 Ke8 51. Kc4 Bd6 52. b4 Ra1 53. Kb5 Rb1
54. Rc4 Kd8 55. Be6 Ke7 56. Bd5 Kd8 57. Ka5 Ra1+ 58. Kb6 Ra4 59. Kb5 Ra1 60.
Kc6 Ra6+ 61. Kb7 Ra1 62. b5 Rh1 63. b6 Rxh4 64. Rc8+ Ke7 65. Rc7+ Ke8 66. Kc6
1-0

[Event "Tradewise Gibraltar Masters 14th"]
[Site "Gibraltar"]
[Date "2016.02.03"]
[Round "9.24"]
[White "Short, Nigel D"]
[Black "Galyas, Miklos"]
[Result "1-0"]
[WhiteElo "2684"]
[BlackElo "2459"]
[PlyCount "89"]
[EventDate "2016.01.26"]
[EventType "swiss"]
[EventRounds "10"]
[EventCountry "GGB"]
[Source "www.saund.co.uk"]
[SourceDate "2005.02.07"]

1. e4 g6 2. d4 d6 3. Be3 Bg7 4. Ne2 Nf6 5. f3 O-O 6. Qd2 e5 7. Nbc3 exd4 8.
Nxd4 d5 9. e5 Ne8 10. Bg5 f6 11. exf6 Nxf6 12. O-O-O Nc6 13. Nb3 Be6 14. Bb5
Bf7 15. Bxc6 bxc6 16. h4 Qd6 17. Be3 Nd7 18. Na4 Rfe8 19. Bd4 Ne5 20. Qc3 Bh6+
21. Kb1 Nc4 22. g4 Re2 23. g5 Bf8 24. Bc5 Qf4 25. Bxf8 Rxf8 26. Nd4 Re3 27. Qb4
Qd6 28. Qc5 Be8 29. b3 Nb6 30. Nf5 Qxc5 31. Nh6+ Kg7 32. Nxc5 Nd7 33. Na6 Ne5
34. Nxc7 Bd7 35. Rd4 Rfxf3 36. Ra4 Nf7 37. Rxa7 Nxh6 38. Nxd5 cxd5 39. gxh6+
Kxh6 40. Rxd7 Re5 41. a4 Rf4 42. Kb2 d4 43. Rh3 Rh5 44. b4 d3 45. c3 1-0

[Event "Tradewise Gibraltar Masters 14th"]
[Site "Gibraltar"]
[Date "2016.02.03"]
[Round "9.25"]
[White "Ganguly, Surya Shekhar"]
[Black "Almagro Llamas, Pablo"]
[Result "1-0"]
[WhiteElo "2660"]
[BlackElo "2429"]
[PlyCount "91"]
[EventDate "2016.01.26"]
[EventType "swiss"]
[EventRounds "10"]
[EventCountry "GGB"]
[Source "www.saund.co.uk"]
[SourceDate "2005.02.07"]

1. e4 c5 2. Nf3 d6 3. c3 Nf6 4. Be2 Nbd7 5. d3 e6 6. O-O b6 7. Nbd2 Bb7 8. Re1
Be7 9. Bf1 O-O 10. d4 cxd4 11. cxd4 Qc7 12. Bd3 Rac8 13. a3 Rfd8 14. Nf1 a6 15.
Ng3 Qb8 16. Bd2 Bf8 17. Qe2 Qa8 18. Rad1 b5 19. h3 Re8 20. Ba5 g6 21. h4 Bg7
22. h5 Nb8 23. Bc3 Nc6 24. Qd2 Qb8 25. Qg5 Nd7 26. e5 d5 27. Qh4 Nf8 28. Bd2
Qc7 29. Bg5 Nd7 30. Nf1 Qb6 31. N1h2 Nxd4 32. Nxd4 Nxe5 33. h6 Bh8 34. Bf6 Nd7
35. Bxh8 Kxh8 36. Ndf3 e5 37. Bb1 f6 38. Ng4 Rcd8 39. b4 Rf8 40. Qg3 Rde8 41.
Bf5 Nb8 42. Ngxe5 fxe5 43. Nxe5 Qf6 44. Ng4 Rxe1+ 45. Rxe1 Qd4 46. Qd6 1-0

[Event "Tradewise Gibraltar Masters 14th"]
[Site "Gibraltar"]
[Date "2016.02.03"]
[Round "9.26"]
[White "Kashlinskaya, Alina"]
[Black "Grigoriants, Sergey"]
[Result "0-1"]
[WhiteElo "2462"]
[BlackElo "2580"]
[PlyCount "122"]
[EventDate "2016.01.26"]
[EventType "swiss"]
[EventRounds "10"]
[EventCountry "GGB"]
[Source "www.saund.co.uk"]
[SourceDate "2005.02.07"]

1. d4 Nf6 2. c4 g6 3. Nc3 d5 4. cxd5 Nxd5 5. e4 Nxc3 6. bxc3 Bg7 7. Nf3 c5 8.
Be3 O-O 9. Be2 cxd4 10. cxd4 Qa5+ 11. Nd2 Qd8 12. Nb3 b6 13. O-O e6 14. Rb1 Bb7
15. Bf3 Nc6 16. Qd2 Rc8 17. a4 Rc7 18. Bg5 Bf6 19. Bh6 Re8 20. e5 Be7 21. Rfc1
Nb4 22. Bxb7 Rxb7 23. h4 Rc7 24. Bg5 Nd5 25. a5 h5 26. axb6 axb6 27. Rxc7 Qxc7
28. Rc1 Qd7 29. Na1 Rc8 30. Rxc8+ Qxc8 31. Bxe7 Nxe7 32. Nc2 Nf5 33. Ne3 Nxe3
34. fxe3 Qb7 35. Qb4 b5 36. Kf2 Kg7 37. g3 Kg8 38. Qb1 Qd5 39. Qb4 Qb7 40. Qb1
Qd5 41. Qb4 Kg7 42. Qe7 Qa8 43. Qf6+ Kg8 44. Qe7 Qa2+ 45. Kf3 Qb1 46. Kf2 b4
47. Qd8+ Kh7 48. Qf6 Qc2+ 49. Ke1 Qc7 50. Kd1 Kg8 51. Qf2 Qc6 52. Qd2 b3 53.
Qc1 Qg2 54. Qc8+ Kg7 55. Kc1 Qxg3 56. Qc3 Qxh4 57. Qxb3 Qe1+ 58. Kc2 Qe2+ 59.
Kb1 h4 60. Qa3 h3 61. Qe7 Qf1+ 0-1

[Event "Tradewise Gibraltar Masters 14th"]
[Site "Gibraltar"]
[Date "2016.02.03"]
[Round "9.27"]
[White "Carlsson, Pontus"]
[Black "Oparin, Grigoriy"]
[Result "0-1"]
[WhiteElo "2430"]
[BlackElo "2565"]
[PlyCount "116"]
[EventDate "2016.01.26"]
[EventType "swiss"]
[EventRounds "10"]
[EventCountry "GGB"]
[Source "www.saund.co.uk"]
[SourceDate "2005.02.07"]

1. e4 c5 2. Nf3 d6 3. Bb5+ Bd7 4. Bxd7+ Nxd7 5. O-O Ngf6 6. Qe2 e6 7. c3 Be7 8.
d4 O-O 9. e5 Ne8 10. Rd1 Qc8 11. Ng5 h6 12. Nh3 Nb6 13. b3 cxd4 14. cxd4 Qc6
15. Bb2 Nd5 16. Rc1 Qb6 17. Nd2 Nec7 18. Nc4 Qa6 19. Kf1 Rfd8 20. Nxd6 Bxd6 21.
Qxa6 Nxa6 22. exd6 Rxd6 23. Ke2 Rad8 24. g3 Nab4 25. Ng1 Nc6 26. Nf3 f6 27. Rc4
g5 28. h3 h5 29. Rac1 Kf7 30. Ba3 R6d7 31. Rxc6 bxc6 32. Rxc6 Rc7 33. Rxc7+
Nxc7 34. Bc5 a6 35. b4 Nd5 36. a3 h4 37. Kd3 hxg3 38. fxg3 Rh8 39. h4 gxh4 40.
Nxh4 Rg8 41. Bd6 Ke8 42. Nf3 Kd7 43. Bf4 Kc6 44. Nd2 Nxf4+ 45. gxf4 Rg3+ 46.
Kc4 Rxa3 47. Ne4 Rf3 48. Nc5 Rxf4 49. Nxe6 Rf1 50. Nc5 Rc1+ 51. Kd3 Kb5 52. Ke4
Re1+ 53. Kf5 Rd1 54. Ke4 f5+ 55. Ke5 f4 56. Ke4 f3 57. Nd3 Rxd3 58. Kxd3 Kxb4
0-1

[Event "Tradewise Gibraltar Masters 14th"]
[Site "Gibraltar"]
[Date "2016.02.03"]
[Round "9.28"]
[White "Padmini, Rout"]
[Black "Muzychuk, Anna"]
[Result "0-1"]
[WhiteElo "2427"]
[BlackElo "2537"]
[PlyCount "122"]
[EventDate "2016.01.26"]
[EventType "swiss"]
[EventRounds "10"]
[EventCountry "GGB"]
[Source "www.saund.co.uk"]
[SourceDate "2005.02.07"]

1. e4 e5 2. Nf3 Nc6 3. Bc4 Bc5 4. O-O Nf6 5. d3 d6 6. c3 a6 7. Bb3 Ba7 8. Re1
h6 9. Nbd2 g5 10. Nf1 g4 11. N3d2 h5 12. Nc4 h4 13. Be3 h3 14. g3 d5 15. Ncd2
d4 16. Bg5 Rh5 17. Bxf6 Qxf6 18. c4 Bd7 19. Ba4 Bc5 20. a3 Bf8 21. b4 Rg5 22.
Ra2 Rg6 23. c5 b5 24. Bc2 a5 25. Rb2 axb4 26. axb4 Bh6 27. Qb1 Ke7 28. Bd1 Rgg8
29. Ra2 Rxa2 30. Qxa2 Nxb4 31. Qa3 Nc6 32. Be2 Rb8 33. Rb1 Ke8 34. Qa6 Bc8 35.
Qa3 Qe7 36. Nb3 Be6 37. Nfd2 Qd8 38. Ra1 Qc8 39. Kf1 Rb7 40. Qa6 Nb4 41. Qa5
Nc6 42. Qa3 Ra7 43. Qb2 Qa8 44. Rxa7 Qxa7 45. Qc2 Bxd2 46. Nxd2 Qa1+ 47. Qd1
Qxd1+ 48. Bxd1 Nb4 49. Ke2 Kd7 50. Bb3 Bxb3 51. Nxb3 Kc6 52. Na5+ Kxc5 53. Nb7+
Kb6 54. Nd8 f6 55. Nf7 c5 56. Nh6 c4 57. dxc4 bxc4 58. Nxg4 c3 59. Nxf6 d3+ 60.
Ke3 c2 61. Kd2 Na2 0-1

[Event "Tradewise Gibraltar Masters 14th"]
[Site "Gibraltar"]
[Date "2016.02.03"]
[Round "9.29"]
[White "Demuth, Adrien"]
[Black "Pogonina, Natalija"]
[Result "1/2-1/2"]
[WhiteElo "2535"]
[BlackElo "2454"]
[PlyCount "160"]
[EventDate "2016.01.26"]
[EventType "swiss"]
[EventRounds "10"]
[EventCountry "GGB"]
[Source "www.saund.co.uk"]
[SourceDate "2005.02.07"]

1. c4 e6 2. Nf3 d5 3. e3 Nf6 4. b3 Be7 5. g3 O-O 6. Bg2 b6 7. O-O Bb7 8. Bb2
Nbd7 9. Nc3 Ne4 10. Qe2 c5 11. cxd5 exd5 12. Rfd1 Bf6 13. d4 Nxc3 14. Bxc3 Qe7
15. Rac1 Rac8 16. Qb2 Rfe8 17. Ne1 cxd4 18. Bxd4 Bxd4 19. Qxd4 Nf6 20. Nd3 h6
21. Qa4 Rxc1 22. Rxc1 Ra8 23. Nf4 Qd6 24. Rd1 Qc5 25. Qd4 Qxd4 26. Rxd4 Rc8 27.
Bf3 Rc5 28. Kg2 g5 29. Nh5 Nxh5 30. Bxh5 Rc2 31. a4 Rb2 32. Bd1 Kg7 33. h4 Kf6
34. h5 Bc8 35. g4 Be6 36. Kg3 Ke7 37. f4 f6 38. Rd3 Rb1 39. Kf3 Rc1 40. Kf2 a5
41. Bf3 Rb1 42. f5 Bf7 43. Bxd5 Bxd5 44. Rxd5 Rxb3 45. Ke2 Ra3 46. Rd4 Rb3 47.
Rc4 b5 48. axb5 Rxb5 49. Rc7+ Kf8 50. Rh7 Rb6 51. Rxh6 Kg7 52. Rg6+ Kh7 53. h6
Ra6 54. Kd3 a4 55. Ke2 Rb6 56. e4 a3 57. Rg7+ Kxh6 58. Ra7 Rb2+ 59. Ke3 Rg2 60.
Rf7 Rxg4 61. Rxf6+ Kh5 62. Kd4 Rf4 63. Ra6 Rf3 64. e5 Rxf5 65. Rxa3 g4 66. e6
Rf8 67. Ke5 Kh4 68. Ra7 g3 69. Rh7+ Kg4 70. e7 Ra8 71. Rg7+ Kh3 72. Kf4 Ra4+
73. Kf5 Ra8 74. Kf6 Ra6+ 75. Kf7 Ra8 76. Rh7+ Kg2 77. e8=Q Rxe8 78. Kxe8 Kg1
79. Rg7 g2 80. Rxg2+ Kxg2 1/2-1/2

[Event "Tradewise Gibraltar Masters 14th"]
[Site "Gibraltar"]
[Date "2016.02.03"]
[Round "9.30"]
[White "Handke, Florian"]
[Black "Pinho, Paulo"]
[Result "1/2-1/2"]
[WhiteElo "2533"]
[BlackElo "2197"]
[PlyCount "81"]
[EventDate "2016.01.26"]
[EventType "swiss"]
[EventRounds "10"]
[EventCountry "GGB"]
[Source "www.saund.co.uk"]
[SourceDate "2005.02.07"]

1. b3 b6 2. Bb2 Bb7 3. Nf3 Nf6 4. g3 e6 5. Bg2 Be7 6. O-O O-O 7. d3 c5 8. Nbd2
d5 9. e3 Nc6 10. c4 Qc7 11. Qe2 Rad8 12. a3 dxc4 13. Nxc4 Nd7 14. Rac1 Qb8 15.
Rfd1 Bf6 16. Qc2 Rc8 17. Qb1 Rfd8 18. b4 Bxb2 19. Qxb2 b5 20. Ncd2 Nce5 21. Ne1
Bxg2 22. Kxg2 c4 23. dxc4 bxc4 24. f4 Ng4 25. Nf1 Qb7+ 26. Kg1 Nb6 27. Rxd8+
Rxd8 28. Qe2 Nf6 29. a4 Nxa4 30. Qxc4 h5 31. Qc7 Rb8 32. Nd3 Nd5 33. Qe5 Qb6
34. f5 Re8 35. fxe6 Qxe6 36. Qxe6 Rxe6 37. Ra1 Ndc3 38. Kg2 Rd6 39. Nc5 Nxc5
40. bxc5 Rc6 41. Rxa7 1/2-1/2

[Event "Tradewise Gibraltar Masters 14th"]
[Site "Gibraltar"]
[Date "2016.02.03"]
[Round "9.31"]
[White "Gopal, Geetha Narayanan"]
[Black "Hauge, Lars Oskar"]
[Result "1-0"]
[WhiteElo "2525"]
[BlackElo "2388"]
[PlyCount "61"]
[EventDate "2016.01.26"]
[EventType "swiss"]
[EventRounds "10"]
[EventCountry "GGB"]
[Source "www.saund.co.uk"]
[SourceDate "2005.02.07"]

1. e4 e5 2. Nf3 Nc6 3. Bb5 Nf6 4. d3 Bc5 5. c3 O-O 6. O-O Re8 7. Nbd2 a6 8. Ba4
b5 9. Bb3 d6 10. h3 Bb6 11. Re1 Be6 12. Nf1 h6 13. N3h2 d5 14. Qf3 Qd6 15. Ng3
Ne7 16. Ng4 Nxg4 17. hxg4 Rad8 18. Nf5 Nxf5 19. gxf5 dxe4 20. dxe4 Bc4 21. Bc2
f6 22. g3 a5 23. Kg2 Bf7 24. Rh1 Kf8 25. Qg4 Rd7 26. Bb3 Red8 27. Be6 Bxe6 28.
fxe6 Re7 29. Bxh6 Qxe6 30. Bxg7+ Kf7 31. Qh5+ 1-0

[Event "Tradewise Gibraltar Masters 14th"]
[Site "Gibraltar"]
[Date "2016.02.03"]
[Round "9.32"]
[White "Zhao Xue"]
[Black "Shvayger, Yuliya"]
[Result "0-1"]
[WhiteElo "2506"]
[BlackElo "2381"]
[PlyCount "86"]
[EventDate "2016.01.26"]
[EventType "swiss"]
[EventRounds "10"]
[EventCountry "GGB"]
[Source "www.saund.co.uk"]
[SourceDate "2005.02.07"]

1. Nf3 d5 2. d4 Nf6 3. c4 g6 4. Nc3 Bg7 5. Bg5 Ne4 6. Bh4 Nxc3 7. bxc3 dxc4 8.
e3 Be6 9. Be2 Nd7 10. Ng5 Bd5 11. e4 h6 12. exd5 hxg5 13. Bxg5 Nb6 14. Bf3 Nxd5
15. Qa4+ c6 16. Qxc4 Qa5 17. Bd2 e5 18. Rb1 O-O-O 19. Qb3 Qb6 20. dxe5 Bxe5 21.
Qc2 Qc7 22. g3 Qd7 23. h4 Nb6 24. Be2 Qd5 25. Rh2 Rhe8 26. Rb4 Qc5 27. Bg5 Nd5
28. Kf1 Bf6 29. Rc4 Qd6 30. Bc1 Nb6 31. Bg4+ Kb8 32. Bf4 Be5 33. Rd4 Qc7 34.
Rxd8+ Rxd8 35. Bxe5 Qxe5 36. h5 Nc4 37. hxg6 Nd2+ 38. Kg2 Qd5+ 39. f3 Qc4 40.
Qd1 fxg6 41. Rh6 Re8 42. Rxg6 Qxa2 43. Re6 Ne4+ 0-1

[Event "Tradewise Gibraltar Masters 14th"]
[Site "Gibraltar"]
[Date "2016.02.03"]
[Round "9.33"]
[White "Tan, Zhongyi"]
[Black "Kavutskiy, Konstantin"]
[Result "1-0"]
[WhiteElo "2504"]
[BlackElo "2360"]
[PlyCount "97"]
[EventDate "2016.01.26"]
[EventType "swiss"]
[EventRounds "10"]
[EventCountry "GGB"]
[Source "www.saund.co.uk"]
[SourceDate "2005.02.07"]

1. d4 Nf6 2. c4 g6 3. Nc3 Bg7 4. e4 d6 5. Be2 O-O 6. Bg5 Na6 7. Nf3 h6 8. Bf4
e5 9. dxe5 Nh5 10. Be3 dxe5 11. g3 c6 12. Qd2 Kh7 13. O-O-O Qe7 14. Qd6 Qxd6
15. Rxd6 Re8 16. Rhd1 Nf6 17. c5 Nc7 18. Nd2 Ng4 19. Bxg4 Bxg4 20. f3 Be6 21.
Nb3 Bf8 22. R6d2 Na6 23. Na4 Nb4 24. Kb1 Be7 25. Nc1 Red8 26. a3 Na6 27. Kc2
Rxd2+ 28. Rxd2 Rd8 29. Rxd8 Bxd8 30. Nd3 f6 31. b4 Nc7 32. Nc3 Bc4 33. Nb2 Be6
34. Kd3 Bh3 35. Nc4 Ne8 36. Nd6 Nxd6 37. cxd6 b6 38. a4 Bf1+ 39. Kd2 Kg7 40. b5
cxb5 41. Nxb5 Bxb5 42. axb5 h5 43. f4 exf4 44. gxf4 f5 45. e5 Kf7 46. Bf2 g5
47. h4 gxh4 48. Ke2 Ke6 49. Kf1 1-0

[Event "Tradewise Gibraltar Masters 14th"]
[Site "Gibraltar"]
[Date "2016.02.03"]
[Round "9.34"]
[White "Khademalsharieh, Sarasadat"]
[Black "Goryachkina, Aleksandra"]
[Result "1/2-1/2"]
[WhiteElo "2392"]
[BlackElo "2502"]
[PlyCount "66"]
[EventDate "2016.01.26"]
[EventType "swiss"]
[EventRounds "10"]
[EventCountry "GGB"]
[Source "www.saund.co.uk"]
[SourceDate "2005.02.07"]

1. d4 Nf6 2. c4 e6 3. Nf3 b6 4. g3 Ba6 5. Nbd2 Bb4 6. Qc2 Bb7 7. Bg2 c5 8. a3
Bxd2+ 9. Qxd2 cxd4 10. Qxd4 Nc6 11. Qd1 O-O 12. O-O Na5 13. b3 Rc8 14. Bd2 d5
15. Rc1 dxc4 16. Bxa5 bxa5 17. bxc4 Rc5 18. Qxd8 Rxd8 19. Rfd1 Rdc8 20. Nd2
Bxg2 21. Kxg2 a4 22. Rb1 Kf8 23. Rb4 a5 24. Rb7 Ne8 25. Rdb1 Rd8 26. R1b2 Nd6
27. Ra7 Ke8 28. h4 h5 29. Ra6 Ke7 30. Ra7+ Rd7 31. Ra8 Rdc7 32. Rb6 Rd7 33. Rb2
g6 1/2-1/2

[Event "Tradewise Gibraltar Masters 14th"]
[Site "Gibraltar"]
[Date "2016.02.03"]
[Round "9.35"]
[White "Fiala, Vaclav"]
[Black "Nakar, Eylon"]
[Result "0-1"]
[WhiteElo "2217"]
[BlackElo "2479"]
[PlyCount "82"]
[EventDate "2016.01.26"]
[EventType "swiss"]
[EventRounds "10"]
[EventCountry "GGB"]
[Source "www.saund.co.uk"]
[SourceDate "2005.02.07"]

1. e4 c5 2. c3 d5 3. exd5 Qxd5 4. d4 Nf6 5. Nf3 e6 6. Bd3 Be7 7. O-O O-O 8. Qe2
Rd8 9. Rd1 cxd4 10. cxd4 Nc6 11. Nc3 Qh5 12. a3 b6 13. Be3 Bb7 14. Qf1 Na5 15.
Ne5 Ng4 16. Nxg4 Qxg4 17. h3 Qh4 18. Bc2 Rac8 19. d5 Bxd5 20. Rd4 Qh5 21. g4
Qe5 22. Qd3 g6 23. Bf4 Qg7 24. Nxd5 exd5 25. Re1 Qf8 26. Ba4 Nc4 27. Bb3 Nxb2
28. Qe2 Bxa3 29. Rxd5 Rxd5 30. Bxd5 Rd8 31. Qf3 Rd7 32. Ra1 Bd6 33. Be3 Be5 34.
Qe4 Qd6 35. Bc6 Rc7 36. f4 Qxc6 37. Qxc6 Rxc6 38. fxe5 a5 39. Bh6 a4 40. e6
fxe6 41. Rf1 Rc8 0-1